Minatomirai Line, Yokohama Japan - All Stations - Statistics

General Stats
  • This quiz has been taken 95 times
  • The average score is 5 of 6
Answer Stats
Station Number Station % Correct
MM01 Yokohama
100%
MM03 Minatomirai
97%
MM06 Motomachi-Chukagai
87%
MM04 Bashamichi
77%
MM02 Shin-Takashima
67%
MM05 Nihon-Odori
66%
No matching quizzes found
Score Distribution
Percent of People with Each Score
Percentile by Number Answered
Your Score History
You have not taken this quiz